000 00721cam a2200253 4500
001 B1587
008 090401t1987 xxu||||| |||| 00| 0 eng d
035 _a(Sirsi) u45344
041 _aeng
050 _a526.99028
110 _aHydrographic Department
_9946
245 4 _aThe use of side-scan sonar for hydrographic surveying and the gathering of bottom texture information
250 _a2nd ed.
260 _aTaunton
_bHydrographic Department
_c1987
300 _a(48)p. : ill. ; 30cm.
350 _a0
490 _aProfessional Paper
_v24 PARTS 1 AND 2
650 _aMINISTRY OF DEFENCE
650 _aSEA-BED TEXTURE TRACINGS
650 _aSONAR
650 _aWRECKS
942 _n0
948 _c04/03/1997
999 _c91694
_d91694